Statistics for Europe Map - Puzzle Game

Click here to take the quiz!

General Stats

  • This quiz has been taken 72,827 times
    (72,795 since last reset)
  • The average score is 21 of 69

Answers on the Map

Answers color-coded by a green-red scale on the quiz's map according to % correct below.
 

Answer Stats

Answer% Correct
73%
64%
54%
53%
51%
50%
44%
43%
43%
41%
40%
39%
39%
36%
35%
35%
35%
35%
34%
34%
33%
32%
32%
31%
31%
30%
30%
30%
29%
29%
29%
29%
28%
28%
27%
27%
27%
27%
27%
26%
26%
26%
25%
25%
25%
25%
25%
25%
24%
24%
23%
22%
22%
22%
22%
22%
22%
21%
21%
20%
20%
19%
18%
18%
17%
17%
17%
17%
16%

Score Distribution

Percentile by Number Answered

Percent of People with Each Score

Your Score History

You have not taken this quiz since the last reset